000 00484nam a2200169Ia 4500
003 3228
005 20250703145639.0
008 210817s9999 xx e 000 1 AFR d
020 _a9780798127523
_qHardcover (hbk)
040 _aRDA
_c3228
082 _aAF DEKO
100 _ade Kock, Helene
_925547
245 0 _aSewende somer /
_cHelene de Kock; Omslagontwerp: Fanie Roman
260 _aKaapstad Pretoria
_bHuman & Rousseau
_c1990
300 _a94 Pages;
_c21 cm.
942 _cBK
_2ddc
_y245
_zIzakina Blanche
999 _c215551
_d215550